Linie tramwajowe w Poznaniu po ulicach - Statystyki

Ogólne statystyki
  • Ten quiz został rozwiązany 44 razy
  • Średni wynik to 16 z 18
Statystyki odpowiedzi
Trasa Odpowiedź % Poprawnych
Szwajcarska - Trasa za CH M1 - Piaśnicka - Chartowo - Żegrze - Hetmańska - Reymonta - Grunwaldzka 1
95%
Aleja Praw Kobiet - Naramowicka - Przełajowa - Winogrady - Pułaskiego - Roosevelta - Święty Marcin (powrót przez plac Wolności - 27 Grudnia - Fredry ) - Aleje Marcinkowskiego - Podgórna - Lewandowskiej - plac Bernardyński - Dowbora-Muśnickiego - Mostowa - Kórnicka - Warczygłowy -- Trasa Kórnicka - Piaśnicka - Chartowo - Żegrze - Unii Lubelskiej 3
92%
Trasa PST - Zachodnia - Głogowska - Matyi - Królowej Jadwigi - Krzywoustego - Zamenhofa - - Starołęcka 12
89%
Starołęcka - Zamenhofa - Jana Pawła II - Kórnicka - Mostowa - Dowbora-Muśnickiego -- plac Bernardyński - Lewandowskiej - Podgórna - Aleje Marcinkowskiego - plac Wolności - - 27 Grudnia - Gwarna - Święty Marcin - Roosevelta - Bukowska - Grunwaldzka 13
89%
Grunwaldzka - Bukowska - Roosevelta - Trasa PST 15
89%
Szwajcarska - Trasa za CH M1 - Piaśnicka - Trasa Kórnicka - Kórnicka - Mostowa - - Dowbora-Muśnickiego - plac Bernardyński - Lewandowskiej - Podgórna - Aleje Marcinkowskiego - ( powrót przez Gwarna - Święty Marcin ) - plac Wolności - 27 Grudnia - Fredry - Roosevelta - Trasa PST 16
89%
Dąbrowskiego - Roosevelta - Matyi - Królowej Jadwigi - Krzywoustego - Jana Pawła II - Warczygłowy -- Trasa Kórnicka - Piaśnicka - Trasa za CH M1 - Szwajcarska 18
89%
Dąbrowskiego - Kraszewskiego - Zwierzyniecka - Święty Marcin ( powrót przez plac Wolności - 27 Grudnia - Gwarna ) - Aleje Marcinkowskiego - Podgórna - plac Wiosny Ludów - Strzelecka - - Królowej Jadwigi - Górna Wilda - 28 Czerwca 1956 roku 2
89%
Aleja Praw Kobiet - Naramowicka - Przełajowa - Winogrady - Pułaskiego - Roosevelta - Matyi - - Wierzbięcice - 28 Czerwca 1956 roku 10
86%
Głogowska - Zachodnia - Trasa PST 14
86%
Głogowska - Matyi - Towarowa - Święty Marcin ( powrót przez plac Wolności - 27 Grudnia - Gwarna ) - Aleje Marcinkowskiego - Podgórna - Lewandowskiej - plac Bernardyński - Dowbora-Muśnickiego - Mostowa - Kórnicka - Jana Pawła II - Podwale 5
86%
Warszawska - Jana Pawła II - Krzywoustego - Królowej Jadwigi - Matyi - Roosevelta - Bukowska - Grunwaldzka 6
86%
Dąbrowskiego - Przybyszewskiego - Reymonta - Hetmańska - Zamenhofa - Jana Pawła II - - Wyszyńskiego - Estkowskiego - Małe Garbary - Wolnica - plac Wielkopolski - 23 Lutego - - plac Ratajskiego - Mielżyńskiego - Fredry - Roosevelta - Pułaskiego - Winogrady - Murawa - - Aleje Solidarności 7
86%
Warszawska - Wyszyńskiego - Estkowskiego - Małe Garbary - Wolnica - plac Wielkopolski - 23 Lutego -- plac Ratajskiego - Mielżyńskiego - Fredry - Dąbrowskiego 8
86%
Unii Lubelskiej - Hetmańska - Głogowska - Roosevelta - Pułaskiego - Aleja Wielkopolska - Małopolska - Wołyńska - Winiarska - Trasa przez os.Winiary - Witosa 11
84%
Witosa - Trasa przez os.Winiary - Winiarska - Wołyńska - Małopolska - Aleja Wielkopolska - - Pułaskiego - Roosevelta - Fredry - Gwarna ( powrót przez plac Wolności - 27 Grudnia ) - - Święty Marcin - Aleje Marcinkowskiego - Podgórna - Plac Wiosny Ludów - Strzelecka - - Królowej Jadwigi - Górna Wilda - 28 Czerwca 1956 roku 9
84%
Głogowska - Matyi - Towarowa - Święty Marcin - Gwarna - Mielżyńskiego - plac Ratajskiego - - 23 Lutego - plac Wielkopolski - Wolnica - Małe Garbary - Estkowskiego - Wyszyńskiego - Jana Pawła II - Warczygłowy - Trasa Kórnicka - Piaśnicka - Chartowo - Żegrze - Hetmańska - Starołęcka 17
81%
Aleje Solidarności - Murawa - Winogrady - Pułaskiego - Roosevelta - Fredry - Gwarna ( powrót przez plac Wolności - 27 Grudnia ) - Święty Marcin - Aleje Marcinkowskiego - plac Wiosny Ludów - Strzelecka - Królowej Jadwigi - Górna Wilda - 28 Czerwca 1956 roku 19
78%
Nie znaleziono quizów pasujących do podanych kryteriów
Rozkład punktacji
Procent ludzi z każdym wynikiem
Percentyl według liczby udzielonych odpowiedzi
Twoja historia wyników
Nie rozwiązałeś tego quizu